Tennis : Joueurs français ayant gagné au moins un grand chelem - Statistiques

Statistiques générales
  • Ce quiz a été pris 132 fois
  • Le résultat moyen est 4 sur 6
Statistiques - réponses
Année Grand chelem Joueur/Joueuse % Correct
1983 Roland-Garros Yannick Noah
99%
2013 Wimbledon Marion Bartoli
67%
2006 Open d'Australie Amélie Mauresmo
66%
2006 Wimbledon Amélie Mauresmo
61%
2000 Roland-Garros Mary Pierce
53%
1995 Open d'Australie Mary Pierce
45%
Aucun quiz correspondant
Distribution des résultats
% des personnes avec chaque résultat
Percentile par nombre de réponses
Votre historique - résultats
Vous n’avez pas pris ce quiz